| 000 | 01388nam a22002777a 4500 | ||
|---|---|---|---|
| 005 | 20160119135300.0 | ||
| 010 | _aENG-114477-480 | ||
| 020 |
_a9789351435594 _c9950.00 (set price) |
||
| 020 |
_a9789351435600 (v.1) _c9950.00 (set price) |
||
| 020 |
_a9789351435617 (v.2) _c9950.00 (set price) |
||
| 020 |
_a9789351435624 (v.3) _c9950.00 (set price) |
||
| 020 |
_a9789351435631 (v.4) _c9950.00 (set price) |
||
| 035 | _aEN-98009-012 | ||
| 037 | _bDBAD/PUB | ||
| 082 | _a346.54066 | ||
| 100 | _aBhandari, M.C. | ||
| 245 |
_aGuide to company law procedures : _cby M.C. Bhandari _bprocedures, rules, compliances and governance under the Companies Act, 2013 / |
||
| 250 | _a23rd ed | ||
| 260 |
_aGurgaon _bLexisNexis _c2015 |
||
| 270 |
_a14th Floor, Building No.10, Tower-B, DLF Cyber City, Phase-II _bGurgaon _e122002 |
||
| 300 |
_a4V.(liii,2495p.; cxii,1693p.; cii,1495p.; xxxix,1408p.) _c25cm(Hb) |
||
| 500 | _aIncludes index | ||
| 505 | _av.1-Procedures under the companies act. 2013 and regulations issued by SEBI, RBI and other regulatory bodies. v.2-Company resolutions, agenda and meetings, notices and minutes. v.3 contains filing of e-forms, returns, applications and petitions v.4 contains company precedents, agreements, deeds and documentation with practice notes. | ||
| 650 |
_aCorporation law _zIndia. |
||
| 942 |
_2ddc _cEN _mBHA _h346.54066 |
||
| 999 |
_c98124 _d98124 |
||